000 00491nam a2200181Ia 4500
005 20240823020703.0
008 240823s9999||||xx |||||||||||||| ||und||
041 _aENGLISH
082 _A629.13431 P6
100 _aU S Department of Transportation
245 0 _aAirframe and Powerplant Mechanics Powerplant Handbook
250 _a1st
260 _c2006
_bU S Department of Transport
500 _aYES
650 _aAirframe
_bAeronautical Engineering
942 _cBK
999 _c175332
_d175332